[Event "CZE-chT1E 0910"]
[Site "Czech Republic"]
[Date "2009.10.25"]
[Round "2.6"]
[White "Kocian, Karel"]
[Black "Hrivnak, Daniel"]
[Result "1/2-1/2"]
[WhiteElo "2207"]
[BlackElo "2242"]
[PlyCount "115"]
[EventDate "2009.11.15"]
[EventType "team-tourn"]
[EventRounds "11"]
[EventCountry "CZE"]
[SourceTitle "EXT 2011"]
[Source "ChessBase"]
[SourceDate "2010.11.26"]
[SourceVersion "1"]
[SourceVersionDate "2010.11.26"]
[SourceQuality "1"]
[WhiteTeam "Trinec"]
[BlackTeam "Poruba"]
[WhiteTeamCountry "CZE"]
[BlackTeamCountry "CZE"]

1. Nf3 Nf6 2. g3 g6 3. Bg2 Bg7 4. 0-0 d5 5. d4 0-0 6. Nbd2 Nc6 7. c4 dxc4 8. Nxc4 Be6 9. b3 Bd5 10. Bb2 a5 11. Nfe5 Bxg2 12. Kxg2 Qd5+ 13. f3 a4 14. e4 Qb5 15. Nxc6 bxc6 16. Rf2 Nd7 17. Rb1 Rfb8 18. Ba3 e6 19. Rc2 Rd8 20. Be7 Re8 21. Ba3 Red8 22. Be7 Re8 23. Ba3 Red8 24. Rd2 Rab8 25. Qc2 Qa6 26. Rd3 Rb5 27. Rbd1 axb3 28. axb3 Rdb8 29. Bc1 Qb7 30. h4 Qa8 31. Kh3 Bf8 32. Bf4 R8b7 33. Ne5 Nxe5 34. Bxe5 Ra7 35. Rc1 Rb6 36. Rb1 Bd6 37. Bf6 Ra2 38. Rb2 Ra1 39. Rd1 Rxd1 40. Qxd1 Qa5 41. Kg2 Ra6 42. Qe2 Ra8 43. Qc2 Ra6 44. Qe2 h5 45. Qd2 Qxd2+ 46. Rxd2 Kf8 47. g4 Ke8 48. gxh5 gxh5 49. Bg5 Ra1 50. f4 Kd7 51. f5 exf5 52. exf5 Ra5 53. Rf2 Rd5 54. Be3 Rb5 55. Bg5 Rxb3 56. Rc2 Rd3 57. Rc4 Ra3 58. Rc2 1/2-1/2

[Event "CZE-chT 0809"]
[Site "Czech Republic"]
[Date "2009.02.21"]
[Round "8.7"]
[White "Vokac, Marek"]
[Black "Kocian, Karel"]
[Result "1-0"]
[WhiteElo "2451"]
[BlackElo "2219"]
[PlyCount "45"]
[EventDate "2008.11.08"]
[EventType "team-tourn"]
[EventRounds "11"]
[EventCountry "CZE"]
[SourceTitle "EXT 2010"]
[Source "ChessBase"]
[SourceDate "2010.11.25"]
[SourceVersion "1"]
[SourceVersionDate "2010.11.25"]
[SourceQuality "1"]
[WhiteTeam "Novoborsky"]
[BlackTeam "Trinec II"]
[WhiteTeamCountry "CZE"]
[BlackTeamCountry "CZE"]

1. d4 Nf6 2. c4 c5 3. d5 e6 4. Nc3 exd5 5. cxd5 d6 6. Nf3 g6 7. Bg5 Bg7 8. Nd2 h6 9. Bh4 0-0 10. e3 b6 11. a4 Na6 12. Be2 Nc7 13. e4 Ba6 14. Bxa6 Nxa6 15. 0-0 Qd7 16. Nc4 Rfe8 17. Re1 Nb4 18. Bg3 Bf8 19. h3 Rad8 20. Qd2 Kh7 21. Rad1 Nh5 22. Bh2 Nf6 23. f3 1-0